| 000 | 00787nam a2200253Ia 4500 | ||
|---|---|---|---|
| 005 | 20260429112316.0 | ||
| 008 | 260429s9999||||xx |||||||||||||| ||und|| | ||
| 020 | _a9788176461405 | ||
| 041 | _aEnglish | ||
| 082 |
_a615.320 _bNAG |
||
| 100 | _aNagar, Shantilal | ||
| 245 | 0 |
_aBotanical and Medicinal Plants, Vol. 2 : _bas depicted in ancient texts, art and archaeology from dawn of civilizations to the modern age, Vol. 2 / _cShantilal Nagar |
|
| 250 | _a1st ed. | ||
| 260 |
_aNew Delhi : _bB.R. Publishing Corporation, _c2024. |
||
| 300 | _axvii, p.; hb | ||
| 440 | _vVol. 2 | ||
| 650 | _a Ancient texts | ||
| 650 | _a Archaeobotany | ||
| 650 | _a Art and archaeology | ||
| 650 | _a Botany | ||
| 650 | _a Herbal medicine | ||
| 650 | _aMedicinal plants | ||
| 942 | _cTB | ||
| 999 |
_c53417 _d53417 |
||